Epitome Gai
Salvato in:
| Natura: | Libro |
|---|---|
| Lingua: | italiano |
| Pubblicazione: |
Madrid
Fundación Seminario de Derecho Romano Ursicino Alvarez
1996
|
| Soggetti: | |
| Tags: |
Aggiungi Tag
Nessun Tag, puoi essere il primo ad aggiungerne!!
|
MARC
| LEADER | 00000nam a2200000 a 4500 | ||
|---|---|---|---|
| 001 | UCO6338 | ||
| 003 | CL-VaPUC | ||
| 008 | 001020e19960000SP |||||||||||||||||ita|d | ||
| 082 | 0 | 4 | |a 340.54 |b EPI |2 21 |
| 245 | 1 | 0 | |a Epitome Gai |
| 300 | |a 69 p | ||
| 942 | |c BK | ||
| 945 | |d 20001020 00:00:00 |a vberengu | ||
| 260 | |a Madrid |b Fundación Seminario de Derecho Romano Ursicino Alvarez |c 1996 | ||
| 600 | 0 | |a Gayo |9 395807 | |
| 650 | 0 | |a Derecho romano |9 255930 | |
| 583 | |a last modification |c 20001020 00:00:00 |k Rodrigo Vera | ||
| 999 | |c 291950 |d 291948 | ||
| 952 | |0 0 |1 0 |4 0 |6 340_540000000000000_EPI_1996 |7 0 |8 DER_ROM |9 342299 |a BIBDER |b BIBDER |d 2019-11-20 |i 3489957 |o 340.54 EPI 1996 |p 3489957 |r 2019-11-20 |w 2019-11-20 |x Ubicación 4to piso |y BK_X |z Este recurso debe solicitarse con anticipación |k DER | ||